Chicken soup for the teenage soul III : (Record no. 288196)
[ view plain ]
| 000 -LEADER | |
|---|---|
| fixed length control field | 00570nam a2200133Ia 4500 |
| 008 - FIXED-LENGTH DATA ELEMENTS--GENERAL INFORMATION | |
| fixed length control field | 150610s9999 xx 000 0 und d |
| 020 ## - INTERNATIONAL STANDARD BOOK NUMBER | |
| International Standard Book Number | 0 439403758 |
| 050 ## - LIBRARY OF CONGRESS CALL NUMBER | |
| Classification number | BJ1661 |
| Item number | .C44 2002 |
| 245 ## - TITLE STATEMENT | |
| Title | Chicken soup for the teenage soul III : |
| Remainder of title | more stories of life, love, and learning / |
| Statement of responsibility, etc | [compiled by] Jack Canfield, Mark Victor Hansen, Kimberly Kirberger. |
| 260 ## - PUBLICATION, DISTRIBUTION, ETC. (IMPRINT) | |
| Place of publication, distribution, etc | New York : |
| Name of publisher, distributor, etc | Scholastic, |
| Date of publication, distribution, etc | 2002. |
| 300 ## - PHYSICAL DESCRIPTION | |
| Extent | 369pages : |
| Other physical details | illustrations ; |
| Dimensions | 22 cm. |
| 504 ## - BIBLIOGRAPHY, ETC. NOTE | |
| Bibliography, etc | Originally published: Deerfield Beach, Fla. : Health Communications, c2000. |
| 520 ## - SUMMARY, ETC. | |
| Summary, etc | Teenagers. |
| Withdrawn status | Lost status | Damaged status | Home library | Current library | Shelving location | Date acquired | Total Checkouts | Full call number | Barcode | Date last seen | Price effective from | Koha item type |
|---|---|---|---|---|---|---|---|---|---|---|---|---|
| Stonyhurst Southville International School (Batangas) | Stonyhurst Southville International School (Batangas) | High School Section | 06/10/2015 | BJ1661 .C44 2002 | US-1122 | 06/10/2015 | 06/10/2015 | Books |